00453nam a22001337a 4500008004100000040005500041080001800096245008800114260005000202300001000252500003200262650001200294653001300306230531b |||||||| |||| 00| 0 eng d aNational Science LibrarycNational Science Library a621.039bN8.1 aNuclear technologies, information & isotope productsc/ Department of Atomic Energy 8Bombay: aDepartment of Atomic Energy, b1998 a159p. aVol. 1; 159p. Vol. 2; 159p. aScience aResearch